00656nam a2200193 a 450000100100000000500170001000800410002702000150006804000250008310000310010824500650013926000510020430000210025549000120027650400330028883000190032195201050034099900170044500004341020201002040905.0140314s1991 dr ac 000 0 spa d a9506990360 aDO-SdBNPbspacBNPHU1 aFaundes, Juan Gorge97107210aCardoen :b¿Industrial o Traficante? /cJuan Gorge Faundes. aBuenos Aires, Argentina :bEdiciones B,c1991. a599 p. ;c24 cm.1 aReporte aBibliografía : p. 391- 394 0aReporte971073 0010718PDaGRbGRcHDd2014-03-14iLF1l0o p43410-10r2020-06-25w2020-06-25yLFPDZNo se presta c42899d42899